000 00604nam a2200241 a 4500
001 nice12345678
003 IN_TiNIC
005 20260116011748.0
008 050524s1961 hyda grp 000 0 urd
020 _a
_c100
082 0 0 _a297.24
_bIBR
100 _aIbraheem, Kareem Qazi
245 _aQisasul Ambiya
260 _aHyderabad
_bInst.Of Indo-Middle East Cultural Studie
_c1961
300 _a477p
500 _aincludes index and biblioraphy
505 2 _aIndex
650 _aProphets in the Quran
700 1 _aIbraheem, Kareem Qazi
902 _bRHR
942 _cBK
999 _c3772
_d3772